000 00310nam a22001337a 4500
008 171201b xxu||||| |||| 00| 0 eng d
020 _a9781557663771
041 _aeng
080 _a37
100 _a46
101 _aEDU
245 _aBUILDING CULTURAL RECIPROCITY WITH FAMILIES
_cHARRY,B
942 _2udc
_cBK
999 _c38658
_d38658